LEADER 00850nam a2200205 i 4500 001 000000243142 003 CaOOAMICUS 005 20150624000000.0 008 150624s1824 it u000 u fre u 013 $a222047 026 $ainla oiv. ito- cesa (3) 1824 (R) 040 $aSeMil$bita 245 10$aTome 12. 300 $a[4], x, 516 p. 773 0 $aMontargon, Hyacinthe : de$tDictionnaire apostolique, a l'usage de mm. les curés des villes et de la campagne, et de tous ceux qui se destinent à la chaire, par H. de Montargon ... Tome 1. [-15.].$bNouvelle édition.$dA Paris : Chez Méquignon junior, 1822-1824.$g12$w()32091 850 $aSeMil 852 $aSeMil$W1$xVenegono$y1$m3E III 61 FA$j193488$B193488$CSeMilBibl$Z2$F204257 $8I 941 1 $a10 961 $aRecupero: Mantegazza 996 $6245$aTome 12$9(OLS)http://semarc/title/305905 LEADER 02093nam a2200325 i 4500 001 000000241771 003 CaOOAMICUS 005 20231018144432.0 008 150515s1721 it u000 u ita u 026 $ao-to l-he o-r- Crtr (3) 1721 (R) 040 $aSeMil$bita 100 1 $aMassoulié, Antonin.$0(OLS)http://semarc/name/81843 240 10$aTraité de l'amour de Dieu, où la nature, la pureté, & la perfection de la charitè sont expliquées selon les principes des Peres, sur tout de S. Thomas. Par le r.p. Antonin Massoulié ..$0(OLS)http://semarc/title/343546 245 10$aTrattato dell'amor di Dio, in cui la natura, la purità, e la perfezione della Carità sono spiegate secondo i principj dè Santi Padri, e particolarmente di S. Tommaso. Opera del P. Antonino Massoulie ... Tradotta dalla lingua francese. 260 $aIn Venezia :$bPresso Gio: Battista Recurti,$c1721. 300 $a[48], 504 p. ;$c12°. 500 $aSegn.: a-b12 A-X12 500 $aMarca: La Religione: Donna seduta con croce nella mano sinistra e fiammella nella destra, alla sua destra un elefante (Repertorio consultato: Marques d'impressors, Univ. di Barcellona). 500 $aCors. ; rom. 650 4$aAmore - Teologia.$0(OLS)http://semarc/subject/7617 650 4$aAmore - Dottrina cristiana.$0(OLS)http://semarc/subject/14904 650 4$aAmore - Concezione [di] Tommaso : d'Aquino.$0(OLS)http://semarc/subject/12789 700 1 $aRecurti, Giovanni Battista,$c.$0(OLS)http://semarc/name/7178 850 $aSeMil 852 $aSeMil$W1$xVenegono$y1$m3F I 246 FA$j192117$B192117$CSeMilBibl$Z2$F202930 $8I 941 1 $a10 961 $aRecupero: Mantegazza 996 $6245$aTrattato dell'amor di Dio, in cui la natura, la purità, e la perfezione della Carità sono spiegate secondo i principj dè Santi Padri, e particolarmente di S. Tommaso. Opera del P. Antonino Massoulie ... Tradotta dalla lingua francese$9(OLS)http://semarc/title/343545 996 $6260$aIn Venezia :$bPresso Gio: Battista Recurti$9(OLS)http://semarc/publisher/34159